Guinovart : memòria del blau : exposició itinerant 2003-2006 : dossier de premsa memòria del blau :
Descripción Física:
[107] p. : il. ; 29 cm
Otros Autores:
Guinovart, Josep, 1927-2007
MARC
| LEADER | 00000nam a2200000Ia 4500 | ||
|---|---|---|---|
| 001 | 18526 | ||
| 008 | 160829s9999 xx 000 0 cat d | ||
| 080 | |a B-2-115 | ||
| 245 | |a Guinovart : |b memòria del blau : |b exposició itinerant 2003-2006 : |b dossier de premsa | ||
| 260 | |a Barcelona : |b Diputació de Barcelona, [2006] | ||
| 300 | |a [107] p. : |b il. ; |c 29 cm | ||
| 600 | 1 | 0 | |a Guinovart, Josep, |d 1927-2007 |v Exposicions |9 55769 |
| 700 | 1 | |a Guinovart, Josep, |d 1927-2007 |9 42256 | |
| 901 | |a Arxiu | ||
| 942 | |n 1 | ||
| 952 | |0 0 |1 0 |4 0 |6 B2115 |7 1 |9 50739 |a Arxiu |b Arxiu |d 2016-12-01 |l 0 |o B-2-115 |p 18526 |r 2016-12-01 00:00:00 |w 2016-12-01 |y ARXIU | ||
| 999 | |c 54581 |d 54581 | ||